How to take the grrrr out of anger / (Record no. 9397)
[ view plain ]
| 000 -LEADER | |
|---|---|
| fixed length control field | 02054nam a22002897a 4500 |
| 001 - CONTROL NUMBER | |
| control field | 9397 |
| 003 - CONTROL NUMBER IDENTIFIER | |
| control field | FISKH |
| 005 - DATE AND TIME OF LATEST TRANSACTION | |
| control field | 20251219112310.0 |
| 008 - FIXED-LENGTH DATA ELEMENTS--GENERAL INFORMATION | |
| fixed length control field | 251219b cb ||||| |||| 00| 0 eng d |
| 020 ## - INTERNATIONAL STANDARD BOOK NUMBER | |
| International Standard Book Number | 9781575421179 |
| 040 ## - CATALOGING SOURCE | |
| Original cataloging agency | FISKH |
| Language of cataloging | eng |
| Transcribing agency | FISKH |
| Modifying agency | FISKH |
| 050 ## - LIBRARY OF CONGRESS CALL NUMBER | |
| Classification number | BF723.A4 V47 |
| 082 ## - DEWEY DECIMAL CLASSIFICATION NUMBER | |
| Classification number | 152.4 |
| 100 ## - MAIN ENTRY--PERSONAL NAME | |
| Personal name | Verdick, Elizabeth |
| Relator term | Author |
| 245 ## - TITLE STATEMENT | |
| Title | How to take the grrrr out of anger / |
| Statement of responsibility, etc. | By Elizabeth Verdick & Marjorie Lisovskis |
| 260 ## - PUBLICATION, DISTRIBUTION, ETC. | |
| Place of publication, distribution, etc. | Minneapolis : |
| Name of publisher, distributor, etc. | Free Spirit Publishing Inc. , |
| Date of publication, distribution, etc. | 2002 |
| 300 ## - PHYSICAL DESCRIPTION | |
| Extent | 199 pages : |
| Other physical details | color illustrations ; |
| Dimensions | 18 cm |
| 490 ## - SERIES STATEMENT | |
| Series statement | Laugh & learn |
| 505 ## - FORMATTED CONTENTS NOTE | |
| Formatted contents note | R<br/> |
| 520 ## - SUMMARY, ETC. | |
| Summary, etc. | "Kids need help learning how to manage their anger. Blending solid information and sound advice with humor and lively illustrations, these anger-management tips guide kids to understand that anger is normal and to learn they can express it in healthy ways. The book teaches them how to recognize anger in themselves and others, how to handle situations and emotions (loneliness, guilt, frustration, fear) that lead to or mask anger, and how to deal with the anger they feel. This revised edition addresses children's exposure to increased societal violence and includes discussion and examples of anger related to texting and social media. Young readers learn that cruelty and violence are not acceptable and there are safer, more positive ways to resolve conflicts. They also discover what to do when people around them are angry, how to get help, and how to locate other resources when they need more support"-- "Helps kids understand anger and learn how to handle it in healthy ways. Addresses children's exposure to increased societal violence and includes discussions about anger related to texting and social media. Includes section for adults with ideas for helping children deal with anger"-- |
| 521 8# - TARGET AUDIENCE NOTE | |
| Target audience note | 730<br/> |
| Source | Lexile<br/> |
| 521 8# - TARGET AUDIENCE NOTE | |
| Target audience note | R<br/> |
| Source | Raz-Plus<br/> |
| 650 ## - SUBJECT ADDED ENTRY--TOPICAL TERM | |
| Topical term or geographic name entry element | Self-regulation |
| Form subdivision | Social emotional themes |
| 650 ## - SUBJECT ADDED ENTRY--TOPICAL TERM | |
| Topical term or geographic name entry element | Social skill building |
| Form subdivision | Emotional development |
| 942 ## - ADDED ENTRY ELEMENTS (KOHA) | |
| Source of classification or shelving scheme | Dewey Decimal Classification |
| Koha item type | Books |
| Suppress in OPAC | No |
| Withdrawn status | Lost status | Source of classification or shelving scheme | Damaged status | Not for loan | Collection | Home library | Current library | Shelving location | Date acquired | Total Checkouts | Full call number | Barcode | Date last seen | Copy number | Price effective from | Koha item type |
|---|---|---|---|---|---|---|---|---|---|---|---|---|---|---|---|---|
| Dewey Decimal Classification | Non-Fiction | Footprints International School Library Network Toul Tom Poung Campus | Footprints International School Library Network Toul Tom Poung Campus | TTP Primary Orange Bookshelves | 12/19/2025 | VER 152.4 BF723.A4 V47 | FIS03558 | 12/19/2025 | 1 | 12/19/2025 | Books |
